00907cam a22002651 4500001001300000003000400013005001700017008004100034010001700075025001900092035001800111040002500129042001200154050001700166100002100183245007500204260006600279300002400345490007200369504003000441650002500471700003800496810009000534999001700624sa 66005402 DLC20260227112249.0720814s1963 ii b f000 0 eng  asa 66005402  aPL480:I-E-5129 a(OCoLC)381398 aDLCcOAUdOCoLCdDLC apremarc00aDS432.O7bD31 aDas, Amal Kumar.14aThe Orà„ons of Sunderbanc[by] Amal Kumar Das [and] Manis Kumar Raha. aCalcutta,bTribal Welfare Dept., Govt. of West Bengal,c1963. axiv, 476 p.c23 cm.1 aBulletin of the Cultural Research Institute. Special series,vno. 3 aBibliography: p. 447-453. 0aOraon (Indic people)1 aRaha, Manis Kumar,ejoint author.1 aWest Bengal (India).bCultural Research Institute.tBulletin.vSpecial series, no. 3. c69933d69933